Statistiques concernant Entraîneurs ayant dirigé le plus de matchs en championnat de France

Cliquez ici pour prendre le quiz!

Statistiques générales

  • Ce quiz a été pris 103 fois
  • Le résultat moyen est 4 sur 18

Statistiques - réponses

MatchsEntraîneur% Correct
1894Guy Roux
87%
8579Frédéric Antonetti
48%
5635Claude Puel
37%
12560Aimé Jacquet
31%
16528Rolland Courbis
28%
6603Jean Fernandez
27%
17501Elie Baup
24%
18500Jacques Santini
19%
15529Robert Herbin
18%
3658Albert Batteux
13%
9577Joël Muller
11%
4654José Arribas
7%
11565Jean Snella
6%
2782Kader Firoud
4%
14534André Gérard
3%
6603Louis Dugauguez
3%
10570Michel le Milinaire
3%
13556Antoine Redin
2%

Distribution des résultats

Percentile par nombre de réponses

% des personnes avec chaque résultat

Votre développement - résultats

Vous n’avez pas pris ce quiz